Historia del derecho romano según las más recientes investigaciones / (Record no. 155446)
[ view plain ]
| 000 -LEADER | |
|---|---|
| campo de control de longitud fija | 00997nam a22002295i 4500 |
| 001 - NÚMERO DE CONTROL | |
| campo de control | 155446 |
| 003 - IDENTIFICADOR DE NÚMERO DE CONTROL | |
| campo de control | ES-MaACL |
| 005 - FECHA Y HORA DE LA ÚLTIMA TRANSACCIÓN | |
| campo de control | 20251004063203.0 |
| 008 - DATOS DE LONGITUD FIJA--INFORMACIÓN GENERAL | |
| campo de control de longitud fija | 940202m18801885sp |||| | spa d |
| 100 1# - ENTRADA PRINCIPAL--NOMBRE DE PERSONA | |
| Nombre de persona | Hinojosa y Naveros, Eduardo de, |
| Fechas asociadas al nombre | 1852-1919 |
| 9 (RLIN) | 125519 |
| 245 10 - MENCIÓN DEL TÍTULO | |
| Título | Historia del derecho romano según las más recientes investigaciones / |
| Mención de responsabilidad, etc. | por Eduardo de Hinojosa. |
| 260 ## - PUBLICACIÓN, DISTRIBUCIÓN, ETC. | |
| Lugar de publicación, distribución, etc. | Madrid : |
| Nombre del editor, distribuidor, etc. | [s.n.], |
| Fecha de publicación, distribución, etc. | 1880-1885 ( |
| Fabricante | Imp. de la Revista de Legislación) |
| 300 ## - DESCRIPCIÓN FÍSICA | |
| Extensión | 2 v. (318; VIII, 399 p.) ; |
| Dimensiones | 23 cm. |
| 490 1# - MENCIÓN DE SERIE | |
| Mención de serie | Biblioteca jurídica de autores españoles ; |
| Designación de volumen o secuencia | 5, 16 |
| 530 ## - NOTA DISPONIBLE DE FORMULARIO FÍSICO ADICIONAL | |
| Nota de formato físico adicional disponible | Disponible en formato digital. |
| 650 04 - PUNTO DE ACCESO ADICIONAL DE MATERIA--TÉRMINO DE MATERIA | |
| Término de materia o nombre geográfico como elemento de entrada | Derecho romano- |
| Subdivisión de forma | Historia. |
| 9 (RLIN) | 11766 |
| 650 #4 - PUNTO DE ACCESO ADICIONAL DE MATERIA--TÉRMINO DE MATERIA | |
| Término de materia o nombre geográfico como elemento de entrada | Derecho- |
| Subdivisión geográfica | Europa- |
| Subdivisión general | Influencia romana. |
| 9 (RLIN) | 155634 |
| 830 1# - PUNTO DE ACCESO ADICIONAL DE SERIE-TÍTULO UNIFORME | |
| Título uniforme | Biblioteca jurídica de autores españoles ; |
| Designación de volumen o secuencia | 5, 16 |
| 9 (RLIN) | 181120 |
| 852 ## - LOCALIZACIÓN | |
| Ubicación | ES-MaACL |
| Número de control de estantería | F-14633-34 |
| Nota libre | - Enc. tela |
| 856 ## - LOCALIZACIÓN Y ACCESO ELECTRÓNICOS | |
| Identificador Uniforme de Recursos | <a href="http://bdh-rd.bne.es/viewer.vm?id=0000255830&page=1 ">http://bdh-rd.bne.es/viewer.vm?id=0000255830&page=1 </a> |
| Nota pública | Biblioteca Digital Hispánica |
| Estatus retirado | Estado de pérdida | Estado de daño | No para préstamo | Colección | Biblioteca de origen | Biblioteca actual | Ubicación en estantería | Fecha de adquisición | Total de préstamos | Signatura topográfica completa | Código de barras | Visto por última vez | Precio de reemplazo | Tipo de ítem Koha |
|---|---|---|---|---|---|---|---|---|---|---|---|---|---|---|
| Colección digital | Biblioteca del Ateneo de Madrid | Biblioteca del Ateneo de Madrid | Sala Pecera Planta 2 | 17/01/2008 | F-14633-34 | 1162602 | 23/02/2023 | 23/02/2023 | Libro impreso antiguo |
